Společenská dělba práce
Gespeichert in:
| 1. Verfasser: | |
|---|---|
| Format: | Buch |
| Sprache: | Tschechisch |
| Veröffentlicht: |
Brno
Centrum pro studium demokracie a kultury
2004
|
| Schlagworte: | |
| Tags: |
Keine Tags, Fügen Sie das erste Tag hinzu!
|
MARC
| LEADER | 00000nam$a2200000$$$4500 | ||
|---|---|---|---|
| 001 | 0027286 | ||
| 005 | 20240306141647.5 | ||
| 020 | |a 80-7325-041-1 | ||
| 041 | 0 | |a cze | |
| 044 | |a CZ | ||
| 245 | 1 | 0 | |a Společenská dělba práce |c Émile Durkheim ; [přeložila Pavla Doležalová] |
| 264 | 1 | |a Brno |b Centrum pro studium demokracie a kultury |c 2004 | |
| 300 | |a 375 s. | ||
| 610 | 2 | 0 | |a deľba práce |
| 610 | 2 | 0 | |a sociológia práce |
| 610 | 2 | 0 | |a spoločnosť |
| 610 | 2 | 0 | |a deľba práce podniková |
| 610 | 2 | 0 | |a morálka |
| 610 | 2 | 0 | |a morálka pracovná |
| 610 | 2 | 0 | |a vzťahy pracovné |
| 610 | 2 | 0 | |a vzťahy spoločenské |
| 100 | 1 | |a Durkheim, Émile | |